Score 0/8 Timer 01:00
6 Plays Today
Letter 4-Letter Country % Correct
CChad, Cuba
93.6%
OOman
91.7%
FFiji
89.3%
PPeru
87.1%
LLaos
86.9%
MMali
83.6%
IIran, Iraq
81.4%
TTogo
77.3%

You're not logged in!

Compare scores with friends on all Sporcle quizzes.
OR
Log In

Sporcle TV

Today on Sporcle TV


Watch our educational content, quiz creation guides, and fun videos on Sporcle TV.

Show Comments

Extras

Top Quizzes Today


Score Distribution

Your Account Isn't Verified!

In order to create a playlist on Sporcle, you need to verify the email address you used during registration. Go to your Sporcle Settings to finish the process.

Report this User

Report this user for behavior that violates our Community Guidelines.

Details: